Inteligencia artificial: un enfoque moderno
Bewaard in:
| Hoofdauteurs: | , |
|---|---|
| Formaat: | Boek |
| Taal: | Spaans |
| Gepubliceerd in: |
Ciudad de México
Prentice Hall Hispanoamericana
1996
|
| Editie: | 1a. ed |
| Reeks: | Colección de Inteligencia Artificial
|
| Onderwerpen: | |
| Tags: |
Voeg label toe
Geen labels, Wees de eerste die dit record labelt!
|
MARC
| LEADER | 00000nam a2200000 a 4500 | ||
|---|---|---|---|
| 001 | UCO3850 | ||
| 003 | CL-VaPUC | ||
| 008 | 000728e19960000MX |||||||||||||||||spa|d | ||
| 020 | |a 968880682X | ||
| 082 | 0 | 4 | |a 006.3 |b RUS |2 21 |
| 100 | 0 | |a Russell, Stuart J |e author |9 447834 | |
| 700 | 0 | |a Norvig, Peter |e author |9 447835 | |
| 245 | 1 | 0 | |a Inteligencia artificial: un enfoque moderno |
| 250 | |a 1a. ed | ||
| 300 | |a 979 p | ||
| 942 | |c BK | ||
| 945 | |d 20000728 00:00:00 |a vberengu | ||
| 260 | |a Ciudad de México |b Prentice Hall Hispanoamericana |c 1996 | ||
| 650 | 0 | |a Computadores |9 258188 | |
| 650 | 7 | |a INTELIGENCIA ARTIFICIAL |2 CL-VaPUC |9 447836 | |
| 650 | 0 | |a Robótica |9 263360 | |
| 650 | 7 | |a SISTEMAS CIBERNETICOS |2 CL-VaPUC |9 354475 | |
| 650 | 0 | |a Toma de decisiones |9 257530 | |
| 583 | |a last modification |c 20000728 00:00:00 |k Rodrigo Vera | ||
| 490 | 0 | |a Colección de Inteligencia Artificial | |
| 999 | |c 289979 |d 289977 | ||
| 952 | |0 0 |1 0 |4 0 |6 006_300000000000000_RUS_1996 |7 0 |8 A |9 339007 |a BIBING |b BIBING |d 2019-11-20 |i 3635996 |o 006.3 RUS 1996 |p 3635996 |r 2025-01-20 |w 2019-11-20 |y BK |k CCI | ||
| 952 | |0 0 |1 0 |4 0 |6 006_300000000000000_RUS_1996 |7 0 |8 A |9 339008 |a BIBING |b BIBING |d 2019-11-20 |i 3636003 |o 006.3 RUS 1996 |p 3636003 |r 2025-01-20 |w 2019-11-20 |y BK |k CCI | ||
| 952 | |0 0 |1 0 |4 0 |6 006_300000000000000_RUS_1996 |7 0 |8 A |9 339009 |a BIBING |b BIBING |d 2019-11-20 |i 3636011 |o 006.3 RUS 1996 |p 3636011 |r 2025-01-20 |w 2019-11-20 |y BK |k CCI | ||
| 952 | |0 0 |1 0 |4 0 |6 006_300000000000000_RUS_1996 |7 0 |8 A |9 339010 |a BIBING |b BIBING |d 2019-11-20 |i 363602K |o 006.3 RUS 1996 |p 363602K |r 2025-01-20 |w 2019-11-20 |y BK |k CCI | ||
| 952 | |0 0 |1 0 |4 0 |6 006_300000000000000_RUS_1996 |7 0 |8 A |9 339011 |a BIBING |b BIBING |d 2019-11-20 |i 3636038 |o 006.3 RUS 1996 |p 3636038 |r 2025-01-20 |w 2019-11-20 |y BK |k CCI | ||
| 952 | |0 0 |1 0 |4 0 |6 006_300000000000000_RUS_1996 |7 0 |8 A |9 339012 |a BIBING |b BIBING |d 2019-11-20 |i 4020472 |o 006.3 RUS 1996 |p 4020472 |r 2025-01-20 |w 2019-11-20 |y BK |k CCI | ||